| 000 | 00798nam a2200217 a 4500 | ||
|---|---|---|---|
| 001 | 4128 | ||
| 005 | 20140414131957.0 | ||
| 008 | 090209s19uu xx 00 eng d | ||
| 020 | _a1-4042-0159-9 | ||
| 050 |
_aTR 546.721 _bT36 2005 |
||
| 100 | _aThomas, Michele, 1978 | ||
| 245 |
_aOxygen / _cMichele Thomas. |
||
| 250 | _a1st ed. | ||
| 260 |
_aMankato, Minnesota : _bCapstone Press, _cc2005. |
||
| 300 | _a48 p. : col., ill. cm. | ||
| 440 | _aUnderstanding the elements of the periodic table | ||
| 500 | _aIncludes bibliographical references and index. | ||
| 520 | _aContents: What is oxygen?-- Oxygen and the periodic table--Oxygen and our world--Oxygen and combustion--Oxygen compounds--Oxygen and life--The periodic table. | ||
| 650 |
_aOxygen _xJuvenile literature. |
||
| 999 |
_c112958 _d112958 |
||